[Event "DVM U10 2016"]
[Site "Magdeburg GER"]
[Date "2016.12.27"]
[Round "2"]
[White "Gutewort, Paul Emil"]
[Black "Pixa, Karl"]
[Result "1-0"]
[Termination "normal"]
[Board "1.1"]
[WhiteElo "1506"]
[BlackElo "1195"]
[WhiteClock "00:25:06"]
[BlackClock "00:00:39"]
[WhiteTeam "SF Nordost Berlin 1"]
[BlackTeam "SV Dresden-Striesen"]
[PlyCount "121"]
[WhiteFideId "16204182"]
[BlackFideId "16240480"]
[EventCountry "GER"]
[EventRounds "7"]
[EventType "team-swiss"]
[EventDate "2016.12.27"]

1. e4 {[%clk 0:59:55]} c5 {[%clk 0:59:45]} 2. Nf3 {[%clk 0:59:52]} d6 {[%clk
0:59:12]} 3. d4 {[%clk 0:59:47]} cxd4 {[%clk 0:59:01]} 4. Nxd4 {[%clk 0:59:41]}
Nc6 {[%clk 0:58:48]} 5. Nc3 {[%clk 0:59:36]} Nf6 {[%clk 0:58:29]} 6. f3 {[%clk
0:59:23]} g6 {[%clk 0:57:31]} 7. Be3 {[%clk 0:59:15]} Bg7 {[%clk 0:57:16]} 8.
Qd2 {[%clk 0:59:09]} O-O {[%clk 0:56:32]} 9. O-O-O {[%clk 0:59:05]} Bd7 {[%clk
0:55:01]} 10. Bh6 {[%clk 0:58:51]} Qa5 {[%clk 0:50:34]} 11. Bxg7 {[%clk
0:58:05]} Kxg7 {[%clk 0:50:16]} 12. Be2 {[%clk 0:57:17]} Rac8 {[%clk 0:48:13]}
13. g4 {[%clk 0:56:30]} a6 {[%clk 0:40:18]} 14. h4 {[%clk 0:56:20]} b5 {[%clk
0:37:10]} 15. Nb3 {[%clk 0:56:06]} Qc7 {[%clk 0:34:49]} 16. h5 {[%clk 0:55:53]}
Ng8 {[%clk 0:30:51]} 17. hxg6 {[%clk 0:55:30]} fxg6 {[%clk 0:29:07]} 18. f4
{[%clk 0:54:52]} e6 {[%clk 0:27:36]} 19. f5 {[%clk 0:54:24]} h6 {[%clk
0:20:30]} 20. fxg6 {[%clk 0:54:03]} Kxg6 {[%clk 0:19:12]} 21. Bd3 {[%clk
0:53:20]} Ne5 {[%clk 0:17:54]} 22. Kb1 {[%clk 0:51:40]} Rf3 {[%clk 0:16:41]}
23. Rdg1 {[%clk 0:50:37]} Nf7 {[%clk 0:15:52]} 24. Qe2 {[%clk 0:50:13]} Ng5
{[%clk 0:14:52]} 25. Nd4 {[%clk 0:48:53]} Rf7 {[%clk 0:13:41]} 26. Rh4 {[%clk
0:47:04]} b4 {[%clk 0:12:22]} 27. Nd1 {[%clk 0:46:31]} Qc5 {[%clk 0:10:47]} 28.
Qe3 {[%clk 0:44:51]} Rf3 {[%clk 0:09:23]} 29. Nxf3 {[%clk 0:44:21]} Qxe3 {[%clk
0:09:21]} 30. Nxe3 {[%clk 0:42:27]} Nxf3 {[%clk 0:09:14]} 31. Rhh1 {[%clk
0:41:56]} Nxg1 {[%clk 0:09:13]} 32. Rxg1 {[%clk 0:41:51]} e5 {[%clk 0:08:13]}
33. Nd5 {[%clk 0:40:52]} a5 {[%clk 0:07:44]} 34. Nb6 {[%clk 0:39:55]} Rd8
{[%clk 0:07:01]} 35. Nc4 {[%clk 0:39:25]} Bb5 {[%clk 0:06:16]} 36. Nxa5 {[%clk
0:38:19]} Bxd3 {[%clk 0:06:07]} 37. cxd3 {[%clk 0:38:11]} d5 {[%clk 0:05:56]}
38. Nc6 {[%clk 0:37:54]} Rd6 {[%clk 0:04:56]} 39. Nxe5+ {[%clk 0:37:47]} Kf6
{[%clk 0:04:48]} 40. Nf3 {[%clk 0:37:01]} dxe4 41. dxe4 {[%clk 0:36:53]} Re6
{[%clk 0:04:20]} 42. Rf1 {[%clk 0:36:20]} Kg6 {[%clk 0:04:10]} 43. e5 {[%clk
0:35:51]} Ne7 {[%clk 0:03:55]} 44. Rc1 {[%clk 0:35:09]} Nd5 {[%clk 0:03:42]}
45. Rc4 {[%clk 0:34:38]} Kg7 {[%clk 0:03:20]} 46. Kc1 {[%clk 0:34:01]} Rb6
{[%clk 0:02:42]} 47. Kd2 {[%clk 0:32:51]} Kg6 {[%clk 0:02:27]} 48. Kd3 {[%clk
0:32:08]} b3 {[%clk 0:02:03]} 49. a3 {[%clk 0:31:21]} Kg7 {[%clk 0:01:41]} 50.
Ke4 {[%clk 0:30:57]} Ne7 {[%clk 0:01:31]} 51. Kd4 {[%clk 0:30:01]} Kf7 {[%clk
0:01:19]} 52. Rc7 {[%clk 0:28:54]} Ke6 {[%clk 0:01:14]} 53. Kc5 {[%clk
0:28:27]} Ra6 {[%clk 0:01:07]} 54. Nd4+ {[%clk 0:27:22]} Kf7 {[%clk 0:01:01]}
55. Nf5 {[%clk 0:26:33]} Re6 {[%clk 0:00:48]} 56. Rxe7+ {[%clk 0:26:11]} Rxe7
{[%clk 0:00:46]} 57. Nxe7 {[%clk 0:26:04]} Kxe7 {[%clk 0:00:45]} 58. Kd5 {[%clk
0:25:54]} Kd7 {[%clk 0:00:42]} 59. e6+ {[%clk 0:25:47]} Ke7 {[%clk 0:00:41]}
60. a4 {[%clk 0:25:29]} Ke8 {[%clk 0:00:39]} 61. a5 {[%clk 0:25:06]} 1-0

[Event "DVM U10 2016"]
[Site "Magdeburg GER"]
[Date "2016.12.27"]
[Round "2"]
[White "Richter, Nicholas"]
[Black "Duduka, Artem"]
[Result "0-1"]
[Termination "normal"]
[Board "1.2"]
[WhiteElo "1149"]
[BlackElo "1435"]
[WhiteClock "00:26:28"]
[BlackClock "00:27:58"]
[WhiteTeam "SV Dresden-Striesen"]
[BlackTeam "SF Nordost Berlin 1"]
[PlyCount "60"]
[WhiteFideId "16244834"]
[BlackFideId "14194805"]
[EventCountry "GER"]
[EventRounds "7"]
[EventType "team-swiss"]
[EventDate "2016.12.27"]

1. d4 {[%clk 0:59:53]} d5 {[%clk 0:59:55]} 2. c4 {[%clk 0:59:31]} e6 {[%clk
0:59:52]} 3. Nc3 {[%clk 0:59:12]} Nf6 {[%clk 0:59:46]} 4. Nf3 {[%clk 0:58:23]}
c6 {[%clk 0:59:31]} 5. a3 {[%clk 0:57:56]} Nbd7 {[%clk 0:59:13]} 6. Bf4 {[%clk
0:56:42]} dxc4 {[%clk 0:57:23]} 7. e3 {[%clk 0:55:34]} Nb6 {[%clk 0:57:00]} 8.
Be2 {[%clk 0:55:02]} Bd6 {[%clk 0:56:32]} 9. Ne5 {[%clk 0:54:11]} Nfd5 {[%clk
0:55:24]} 10. Bg3 {[%clk 0:52:03]} Bxe5 {[%clk 0:54:20]} 11. Bxe5 {[%clk
0:51:13]} f6 {[%clk 0:51:31]} 12. Bg3 {[%clk 0:50:15]} O-O {[%clk 0:49:24]} 13.
Ne4 {[%clk 0:49:23]} f5 {[%clk 0:48:20]} 14. Nd6 {[%clk 0:49:02]} f4 {[%clk
0:47:25]} 15. Nxc8 {[%clk 0:45:45]} Rxc8 {[%clk 0:47:09]} 16. exf4 {[%clk
0:43:53]} Nxf4 {[%clk 0:46:31]} 17. O-O {[%clk 0:43:19]} Qxd4 {[%clk 0:43:41]}
18. Bxf4 {[%clk 0:41:05]} Rxf4 {[%clk 0:41:41]} 19. Qe1 {[%clk 0:38:56]} Re4
{[%clk 0:40:55]} 20. Rd1 {[%clk 0:36:38]} Qxb2 {[%clk 0:40:02]} 21. Rd2 {[%clk
0:34:55]} Qxa3 {[%clk 0:39:13]} 22. Qd1 {[%clk 0:33:27]} c3 {[%clk 0:37:14]}
23. Rc2 {[%clk 0:32:27]} Nd5 {[%clk 0:36:20]} 24. Bf3 {[%clk 0:31:00]} Rb4
{[%clk 0:32:34]} 25. Re1 {[%clk 0:30:01]} Re8 {[%clk 0:30:16]} 26. Bxd5 {[%clk
0:28:55]} cxd5 {[%clk 0:29:50]} 27. Qe2 {[%clk 0:28:02]} Re4 {[%clk 0:28:56]}
28. Qd1 {[%clk 0:27:25]} Rxe1+ {[%clk 0:28:36]} 29. Qxe1 {[%clk 0:26:54]} d4
{[%clk 0:28:15]} 30. Qd1 {[%clk 0:26:28]} e5 {[%clk 0:27:58]} 0-1

[Event "DVM U10 2016"]
[Site "Magdeburg GER"]
[Date "2016.12.27"]
[Round "2"]
[White "Reichmann, Felix"]
[Black "Klose, Christopher"]
[Result "1-0"]
[Termination "normal"]
[Board "1.3"]
[WhiteElo "1450"]
[BlackElo "938"]
[WhiteClock "00:51:32"]
[BlackClock "00:36:06"]
[WhiteTeam "SF Nordost Berlin 1"]
[BlackTeam "SV Dresden-Striesen"]
[PlyCount "65"]
[WhiteFideId "16238290"]
[EventCountry "GER"]
[EventRounds "7"]
[EventType "team-swiss"]
[EventDate "2016.12.27"]

1. c4 {[%clk 0:59:59]} e5 {[%clk 0:59:54]} 2. g3 {[%clk 0:59:56]} d6 {[%clk
0:59:37]} 3. Bg2 {[%clk 0:59:51]} Nc6 {[%clk 0:59:23]} 4. Nc3 {[%clk 0:59:48]}
Bf5 {[%clk 0:58:57]} 5. Nf3 {[%clk 0:59:42]} Nf6 {[%clk 0:58:34]} 6. O-O {[%clk
0:59:39]} Be7 {[%clk 0:57:58]} 7. d4 {[%clk 0:59:27]} Ne4 {[%clk 0:57:22]} 8.
Nxe4 {[%clk 0:58:10]} Bxe4 {[%clk 0:56:54]} 9. d5 {[%clk 0:57:59]} Bxf3 {[%clk
0:56:05]} 10. Bxf3 {[%clk 0:57:51]} Nd4 {[%clk 0:55:44]} 11. Bg2 {[%clk
0:57:43]} Qd7 {[%clk 0:54:42]} 12. e3 {[%clk 0:57:32]} Nf5 13. Bh3 {[%clk
0:57:08]} g6 {[%clk 0:53:10]} 14. e4 {[%clk 0:57:02]} c6 {[%clk 0:51:14]} 15.
exf5 {[%clk 0:56:52]} gxf5 {[%clk 0:50:44]} 16. Qh5 {[%clk 0:56:30]} O-O-O
{[%clk 0:49:38]} 17. Bxf5 {[%clk 0:56:23]} Kb8 {[%clk 0:48:25]} 18. Bxd7 {[%clk
0:56:09]} Rxd7 {[%clk 0:47:57]} 19. Qxf7 {[%clk 0:55:59]} Kc8 {[%clk 0:46:48]}
20. Qg7 {[%clk 0:55:32]} Re8 {[%clk 0:45:36]} 21. Qxh7 {[%clk 0:55:17]} Bf6
{[%clk 0:44:53]} 22. Qf5 {[%clk 0:55:00]} Bg7 {[%clk 0:43:47]} 23. h4 {[%clk
0:54:24]} Rf8 {[%clk 0:43:02]} 24. Qh3 {[%clk 0:53:55]} Rff7 {[%clk 0:42:03]}
25. h5 {[%clk 0:53:46]} Kd8 {[%clk 0:41:30]} 26. Bg5+ {[%clk 0:53:35]} Ke8
{[%clk 0:40:55]} 27. h6 {[%clk 0:53:25]} Bh8 {[%clk 0:39:53]} 28. Qe6+ {[%clk
0:52:53]} Kf8 {[%clk 0:39:01]} 29. c5 {[%clk 0:52:36]} dxc5 {[%clk 0:38:08]}
30. dxc6 {[%clk 0:52:26]} bxc6 {[%clk 0:37:38]} 31. Qxc6 {[%clk 0:51:48]} e4
{[%clk 0:36:55]} 32. Qc8+ {[%clk 0:51:32]} Rd8 {[%clk 0:36:06]} 33. Qxd8# 1-0

[Event "DVM U10 2016"]
[Site "Magdeburg GER"]
[Date "2016.12.27"]
[Round "2"]
[White "Haugner, Quentin"]
[Black "Beck, Felix"]
[Result "0-1"]
[Termination "normal"]
[Board "1.4"]
[WhiteElo "1012"]
[BlackElo "1254"]
[WhiteClock "00:28:00"]
[BlackClock "00:26:29"]
[WhiteTeam "SV Dresden-Striesen"]
[BlackTeam "SF Nordost Berlin 1"]
[PlyCount "90"]
[BlackFideId "16255364"]
[EventCountry "GER"]
[EventRounds "7"]
[EventType "team-swiss"]
[EventDate "2016.12.27"]

1. e4 {[%clk 0:59:57]} c6 {[%clk 0:59:56]} 2. Nf3 {[%clk 0:59:50]} d5 {[%clk
0:59:46]} 3. exd5 {[%clk 0:59:27]} cxd5 {[%clk 0:59:35]} 4. Bb5+ {[%clk
0:59:06]} Nc6 {[%clk 0:59:07]} 5. Bxc6+ {[%clk 0:58:59]} bxc6 {[%clk 0:59:00]}
6. d3 {[%clk 0:58:42]} Bg4 {[%clk 0:58:25]} 7. h3 {[%clk 0:58:19]} Bh5 {[%clk
0:58:12]} 8. O-O {[%clk 0:57:58]} Nf6 {[%clk 0:57:52]} 9. c4 {[%clk 0:56:45]}
e6 {[%clk 0:56:56]} 10. cxd5 {[%clk 0:56:29]} cxd5 {[%clk 0:55:44]} 11. Qa4+
{[%clk 0:54:53]} Qd7 {[%clk 0:54:26]} 12. Qd1 {[%clk 0:54:40]} Bd6 {[%clk
0:53:34]} 13. Bg5 {[%clk 0:53:54]} Qe7 {[%clk 0:51:53]} 14. Qa4+ {[%clk
0:53:25]} Qd7 {[%clk 0:51:20]} 15. Qxd7+ {[%clk 0:52:19]} Kxd7 {[%clk 0:50:01]}
16. Nd4 {[%clk 0:51:54]} Be5 {[%clk 0:48:14]} 17. Be3 {[%clk 0:50:57]} Rab8
{[%clk 0:43:12]} 18. b3 {[%clk 0:50:20]} Rb4 {[%clk 0:41:00]} 19. Nd2 {[%clk
0:47:36]} Bxd4 {[%clk 0:39:34]} 20. Bxd4 {[%clk 0:46:58]} Rxd4 {[%clk 0:39:26]}
21. Rac1 {[%clk 0:45:45]} Rxd3 {[%clk 0:38:24]} 22. Rc2 {[%clk 0:45:10]} Rc8
{[%clk 0:37:28]} 23. Rxc8 {[%clk 0:43:03]} Kxc8 {[%clk 0:37:19]} 24. Rc1+
{[%clk 0:42:44]} Kd7 {[%clk 0:36:49]} 25. Nb1 {[%clk 0:41:28]} Rd1+ {[%clk
0:35:56]} 26. Rxd1 {[%clk 0:40:58]} Bxd1 {[%clk 0:35:50]} 27. Nc3 {[%clk
0:40:41]} Bc2 {[%clk 0:35:00]} 28. Kf1 {[%clk 0:40:17]} Ne4 {[%clk 0:34:28]}
29. Nxe4 {[%clk 0:40:03]} Bxe4 {[%clk 0:34:21]} 30. g3 {[%clk 0:39:27]} Kd6
{[%clk 0:33:54]} 31. Ke2 {[%clk 0:39:17]} Kc5 {[%clk 0:33:10]} 32. a3 {[%clk
0:38:37]} d4 {[%clk 0:32:05]} 33. Kd2 {[%clk 0:38:08]} e5 {[%clk 0:31:28]} 34.
f3 {[%clk 0:37:15]} Bxf3 {[%clk 0:31:13]} 35. Kd3 {[%clk 0:37:06]} e4+ {[%clk
0:30:58]} 36. Kd2 e3+ 37. Kd3 {[%clk 0:34:51]} e2 {[%clk 0:30:35]} 38. b4+
{[%clk 0:34:23]} Kb5 {[%clk 0:30:19]} 39. Kd2 {[%clk 0:33:36]} g5 {[%clk
0:29:14]} 40. Ke1 {[%clk 0:33:06]} f5 {[%clk 0:28:29]} 41. Kf2 {[%clk 0:32:17]}
d3 {[%clk 0:27:54]} 42. Kxf3 {[%clk 0:28:52]} e1=Q {[%clk 0:27:36]} 43. a4+
{[%clk 0:28:28]} Kxb4 {[%clk 0:27:19]} 44. g4 {[%clk 0:28:13]} Qe2+ {[%clk
0:26:44]} 45. Kg3 {[%clk 0:28:00]} f4# {[%clk 0:26:29]} 0-1

[Event "DVM U10 2016"]
[Site "Magdeburg GER"]
[Date "2016.12.27"]
[Round "2"]
[White "Fuhrmann, Bahne"]
[Black "Lerchl, Clemens"]
[Result "1-0"]
[Termination "normal"]
[Board "2.1"]
[WhiteElo "1276"]
[BlackElo "1499"]
[WhiteClock "00:30:32"]
[BlackClock "00:35:02"]
[WhiteTeam "Hamburger SK 1"]
[BlackTeam "SC Vaterstetten"]
[PlyCount "71"]
[WhiteFideId "16244842"]
[BlackFideId "16226372"]
[EventCountry "GER"]
[EventRounds "7"]
[EventType "team-swiss"]
[EventDate "2016.12.27"]

1. e4 {[%clk 0:59:58]} Nf6 {[%clk 0:59:54]} 2. Nc3 {[%clk 0:59:14]} d5 {[%clk
0:59:47]} 3. exd5 {[%clk 0:58:41]} Nxd5 {[%clk 0:59:39]} 4. Bc4 {[%clk
0:57:14]} Nb6 {[%clk 0:59:31]} 5. Bb3 {[%clk 0:56:51]} Nc6 {[%clk 0:59:21]} 6.
Nf3 {[%clk 0:56:22]} Bg4 {[%clk 0:59:11]} 7. h3 {[%clk 0:55:34]} Bf5 {[%clk
0:58:55]} 8. d3 {[%clk 0:54:36]} g6 {[%clk 0:58:37]} 9. Qe2 {[%clk 0:53:50]}
Bg7 {[%clk 0:57:51]} 10. Bd2 {[%clk 0:53:30]} O-O {[%clk 0:56:51]} 11. O-O
{[%clk 0:53:11]} Nb4 {[%clk 0:55:18]} 12. a3 {[%clk 0:52:45]} Nxd3 {[%clk
0:54:48]} 13. g4 {[%clk 0:50:14]} Bxg4 {[%clk 0:51:46]} 14. hxg4 {[%clk
0:49:08]} Nxb2 {[%clk 0:50:37]} 15. Rab1 {[%clk 0:48:09]} Bxc3 {[%clk 0:50:10]}
16. Bxc3 {[%clk 0:47:28]} Qd7 {[%clk 0:49:26]} 17. Ne5 {[%clk 0:46:27]} Qc8
{[%clk 0:47:59]} 18. Bxb2 {[%clk 0:45:47]} Nd7 {[%clk 0:45:36]} 19. Qf3 {[%clk
0:43:53]} Nxe5 {[%clk 0:43:23]} 20. Bxe5 {[%clk 0:43:35]} a5 {[%clk 0:42:11]}
21. Kg2 {[%clk 0:42:19]} Ra6 {[%clk 0:41:41]} 22. Rh1 {[%clk 0:41:13]} e6
{[%clk 0:40:34]} 23. Rxh7 {[%clk 0:39:02]} f6 {[%clk 0:40:16]} 24. Rbh1 {[%clk
0:38:40]} Qd8 {[%clk 0:39:30]} 25. Bxe6+ {[%clk 0:38:09]} Rxe6 {[%clk 0:39:23]}
26. Qe4 {[%clk 0:36:19]} fxe5 {[%clk 0:38:48]} 27. Rh8+ {[%clk 0:35:42]} Kf7
{[%clk 0:38:29]} 28. R1h7+ {[%clk 0:34:51]} Ke8 {[%clk 0:36:23]} 29. Rxf8+
{[%clk 0:34:14]} Kxf8 {[%clk 0:36:15]} 30. Rh8+ {[%clk 0:34:07]} Ke7 {[%clk
0:36:14]} 31. Rxd8 {[%clk 0:33:50]} Kxd8 {[%clk 0:36:08]} 32. Qxb7 {[%clk
0:32:46]} e4 {[%clk 0:35:25]} 33. Qa8+ {[%clk 0:31:49]} Kd7 {[%clk 0:35:16]}
34. Qxa5 {[%clk 0:31:14]} e3 {[%clk 0:35:10]} 35. fxe3 {[%clk 0:30:35]} Rxe3
{[%clk 0:35:02]} 36. Qd2+ {[%clk 0:30:32]} 1-0

[Event "DVM U10 2016"]
[Site "Magdeburg GER"]
[Date "2016.12.27"]
[Round "2"]
[White "Garner, Isaac"]
[Black "Heinitz, Arthur"]
[Result "1-0"]
[Termination "normal"]
[Board "2.3"]
[WhiteElo "1198"]
[BlackElo "776"]
[WhiteTeam "Hamburger SK 1"]
[BlackTeam "SC Vaterstetten"]
[PlyCount "23"]
[WhiteFideId "16239261"]
[EventCountry "GER"]
[EventRounds "7"]
[EventType "team-swiss"]
[EventDate "2016.12.27"]

1. e4 e5 2. Nf3 Nc6 3. Bb5 Nf6 4. O-O d6 5. d4 Nxe4 6. Re1 Bg4 7. Rxe4 Bxf3 8.
Qxf3 Qd7 9. d5 b6 10. Bxc6 Qxc6 11. dxc6 O-O-O 12. Qxf7 1-0

[Event "DVM U10 2016"]
[Site "Magdeburg GER"]
[Date "2016.12.27"]
[Round "2"]
[White "Prieb, Robert"]
[Black "Dornheim, Carl Friedrich"]
[Result "1-0"]
[Termination "normal"]
[Board "3.1"]
[WhiteElo "1554"]
[BlackElo "1234"]
[WhiteTeam "Schachakademie Paderborn 1"]
[BlackTeam "Schachzwerge Magdeburg 1"]
[PlyCount "43"]
[WhiteFideId "16212002"]
[BlackFideId "16252314"]
[EventCountry "GER"]
[EventRounds "7"]
[EventType "team-swiss"]
[EventDate "2016.12.27"]

1. d4 d5 2. c4 dxc4 3. Nf3 e6 4. Nc3 c5 5. e3 Nc6 6. Bxc4 Nf6 7. O-O cxd4 8.
exd4 Bd6 9. d5 exd5 10. Re1+ Ne7 11. Nxd5 Nfxd5 12. Bxd5 O-O 13. Bg5 h6 14. Bh4
g5 15. Nxg5 hxg5 16. Bxg5 Bf5 17. Qh5 Bg6 18. Qh4 Re8 19. Bf6 Bh7 20. Qg5+ Kf8
21. Qh6+ Kg8 22. Qg7# 1-0

[Event "DVM U10 2016"]
[Site "Magdeburg GER"]
[Date "2016.12.27"]
[Round "2"]
[White "Mirschel, Thaddeus"]
[Black "Schneider, Nils"]
[Result "0-1"]
[Termination "normal"]
[Board "3.2"]
[WhiteElo "1057"]
[BlackElo "1168"]
[WhiteClock "00:19:22"]
[BlackClock "00:21:42"]
[WhiteTeam "Schachzwerge Magdeburg 1"]
[BlackTeam "Schachakademie Paderborn 1"]
[PlyCount "82"]
[WhiteFideId "16277570"]
[EventCountry "GER"]
[EventRounds "7"]
[EventType "team-swiss"]
[EventDate "2016.12.27"]

1. e4 {[%clk 0:59:54]} e6 {[%clk 0:59:54]} 2. d4 {[%clk 0:59:08]} d5 {[%clk
0:59:48]} 3. e5 {[%clk 0:57:00]} c5 {[%clk 0:59:16]} 4. c3 {[%clk 0:56:16]} Qb6
{[%clk 0:59:02]} 5. Nf3 {[%clk 0:55:40]} Nc6 {[%clk 0:58:42]} 6. Be3 {[%clk
0:55:13]} Qxb2 {[%clk 0:57:53]} 7. Nbd2 {[%clk 0:53:24]} Qb6 {[%clk 0:57:04]}
8. Rb1 {[%clk 0:53:11]} Qa5 {[%clk 0:55:54]} 9. Qc2 {[%clk 0:51:50]} c4 {[%clk
0:52:10]} 10. Be2 {[%clk 0:49:31]} Nge7 {[%clk 0:51:04]} 11. O-O Nf5 {[%clk
0:50:27]} 12. Ng5 {[%clk 0:47:37]} Be7 {[%clk 0:49:08]} 13. Nh3 O-O 14. Nf3
{[%clk 0:42:43]} b5 {[%clk 0:46:44]} 15. Bd2 {[%clk 0:40:40]} Rb8 {[%clk
0:45:26]} 16. g4 {[%clk 0:38:48]} Nh6 {[%clk 0:43:28]} 17. Nhg5 {[%clk
0:38:14]} g6 {[%clk 0:42:50]} 18. Nxe6 {[%clk 0:37:39]} Bxe6 {[%clk 0:41:42]}
19. Bxh6 {[%clk 0:37:16]} Rfe8 {[%clk 0:41:21]} 20. Nd2 {[%clk 0:34:36]} b4
{[%clk 0:40:45]} 21. cxb4 {[%clk 0:33:16]} Rxb4 {[%clk 0:39:06]} 22. f4 {[%clk
0:30:38]} Nxd4 {[%clk 0:37:56]} 23. Qd1 {[%clk 0:29:56]} Bc5 {[%clk 0:35:41]}
24. Rxb4 {[%clk 0:25:55]} Qxb4 {[%clk 0:35:21]} 25. Nf3 {[%clk 0:25:14]} Nxf3+
{[%clk 0:33:19]} 26. Kg2 {[%clk 0:24:55]} Nd4 {[%clk 0:32:36]} 27. f5 {[%clk
0:23:46]} gxf5 {[%clk 0:32:33]} 28. gxf5 {[%clk 0:23:34]} Nxf5 {[%clk 0:31:48]}
29. Bxc4 {[%clk 0:23:10]} Be3 {[%clk 0:30:37]} 30. Qg4+ {[%clk 0:22:49]} Kh8
{[%clk 0:29:07]} 31. Rxf5 {[%clk 0:22:42]} Rg8 {[%clk 0:28:36]} 32. Bg5 {[%clk
0:22:07]} Rxg5 {[%clk 0:27:58]} 33. Rxg5 {[%clk 0:21:55]} Bxg4 {[%clk 0:27:46]}
34. Rxg4 {[%clk 0:21:41]} dxc4 {[%clk 0:27:23]} 35. Kf3 {[%clk 0:21:31]} Qc3
{[%clk 0:26:04]} 36. Re4 {[%clk 0:21:14]} Bh6+ {[%clk 0:24:54]} 37. Kg4 {[%clk
0:20:41]} Qd3 {[%clk 0:24:07]} 38. Kf5 {[%clk 0:20:23]} c3 {[%clk 0:23:40]} 39.
h3 {[%clk 0:20:11]} c2 {[%clk 0:22:44]} 40. a3 {[%clk 0:19:53]} c1=R {[%clk
0:22:17]} 41. h4 {[%clk 0:19:22]} Qf3+ {[%clk 0:21:42]} *

[Event "DVM U10 2016"]
[Site "Magdeburg GER"]
[Date "2016.12.27"]
[Round "2"]
[White "Yin, Haode"]
[Black "Weber, Willi"]
[Result "1-0"]
[Termination "normal"]
[Board "3.3"]
[WhiteElo "1352"]
[BlackElo "924"]
[WhiteClock "00:11:04"]
[BlackClock "00:10:25"]
[WhiteTeam "Schachakademie Paderborn 1"]
[BlackTeam "Schachzwerge Magdeburg 1"]
[PlyCount "101"]
[WhiteFideId "16261348"]
[EventCountry "GER"]
[EventRounds "7"]
[EventType "team-swiss"]
[EventDate "2016.12.27"]

1. d4 {[%clk 0:59:56]} d5 {[%clk 0:59:53]} 2. Nf3 {[%clk 0:59:47]} Nc6 {[%clk
0:59:31]} 3. Bf4 {[%clk 0:59:40]} Bf5 {[%clk 0:58:57]} 4. c3 {[%clk 0:59:32]}
Nf6 {[%clk 0:58:08]} 5. e3 {[%clk 0:59:25]} g6 {[%clk 0:57:02]} 6. Bb5 {[%clk
0:59:11]} a6 {[%clk 0:56:22]} 7. Bxc6+ {[%clk 0:58:52]} bxc6 {[%clk 0:56:15]}
8. Ne5 {[%clk 0:58:48]} Bd7 {[%clk 0:54:22]} 9. Qa4 {[%clk 0:57:04]} c5 {[%clk
0:53:20]} 10. Nxd7 {[%clk 0:56:05]} Nxd7 {[%clk 0:52:55]} 11. Qc6 {[%clk
0:54:01]} Rc8 {[%clk 0:48:24]} 12. Qxd5 {[%clk 0:51:57]} cxd4 {[%clk 0:47:38]}
13. Qxd4 {[%clk 0:51:37]} f6 {[%clk 0:46:51]} 14. Qa4 {[%clk 0:49:25]} e5
{[%clk 0:45:40]} 15. Bg3 {[%clk 0:49:07]} Ra8 {[%clk 0:45:09]} 16. Nd2 {[%clk
0:48:00]} Bd6 {[%clk 0:43:21]} 17. Rd1 {[%clk 0:38:00]} O-O {[%clk 0:42:05]}
18. Ne4 {[%clk 0:37:45]} Qe7 {[%clk 0:41:30]} 19. Nxd6 {[%clk 0:35:45]} cxd6
{[%clk 0:41:09]} 20. O-O {[%clk 0:34:49]} Nc5 {[%clk 0:40:15]} 21. Qc4+ {[%clk
0:34:24]} Kg7 {[%clk 0:39:41]} 22. b4 Ne6 {[%clk 0:37:46]} 23. Rd2 {[%clk
0:27:58]} a5 {[%clk 0:35:30]} 24. b5 {[%clk 0:26:48]} Rab8 {[%clk 0:34:30]} 25.
a4 {[%clk 0:26:22]} Rbc8 {[%clk 0:33:44]} 26. Qb3 {[%clk 0:23:27]} Nc5 {[%clk
0:33:06]} 27. Qc2 {[%clk 0:23:12]} f5 {[%clk 0:32:19]} 28. f3 {[%clk 0:20:03]}
e4 {[%clk 0:29:17]} 29. Bxd6 {[%clk 0:19:49]} Qe6 {[%clk 0:27:15]} 30. Bxf8+
{[%clk 0:19:03]} Rxf8 {[%clk 0:26:54]} 31. Qa2 {[%clk 0:16:54]} Qf6 {[%clk
0:26:13]} 32. Qd5 {[%clk 0:15:17]} Qxc3 {[%clk 0:24:06]} 33. Qd4+ Qxd4 {[%clk
0:22:04]} 34. Rxd4 {[%clk 0:15:01]} exf3 {[%clk 0:21:41]} 35. gxf3 {[%clk
0:14:42]} Ne6 {[%clk 0:21:01]} 36. Rd7+ {[%clk 0:14:34]} Kg8 {[%clk 0:20:39]}
37. b6 {[%clk 0:14:07]} Nc5 {[%clk 0:20:05]} 38. Rc7 {[%clk 0:13:36]} Na6
{[%clk 0:19:03]} 39. Ra7 {[%clk 0:13:27]} Nb8 {[%clk 0:16:16]} 40. Ra8 {[%clk
0:13:16]} g5 {[%clk 0:15:09]} 41. Rc1 {[%clk 0:13:07]} g4 {[%clk 0:14:42]} 42.
f4 {[%clk 0:12:56]} h5 {[%clk 0:14:15]} 43. b7 {[%clk 0:12:52]} Rd8 {[%clk
0:12:39]} 44. Rc8 {[%clk 0:12:42]} Rxc8 {[%clk 0:12:28]} 45. bxc8=Q+ Kf7 46.
Qxf5+ {[%clk 0:12:08]} Ke7 {[%clk 0:11:54]} 47. Rxb8 {[%clk 0:11:57]} g3 {[%clk
0:11:39]} 48. Rb6 {[%clk 0:11:35]} Kd8 {[%clk 0:10:51]} 49. Rb7 {[%clk
0:11:16]} Ke8 {[%clk 0:10:31]} 50. Qf7+ {[%clk 0:11:11]} Kd8 {[%clk 0:10:25]}
51. Qf8# {[%clk 0:11:04]} *

[Event "DVM U10 2016"]
[Site "Magdeburg GER"]
[Date "2016.12.27"]
[Round "2"]
[White "Hellwig, Konstantin Joshua"]
[Black "Brinkschröder, Josh"]
[Result "0-1"]
[Termination "normal"]
[Board "3.4"]
[WhiteElo "908"]
[BlackElo "1139"]
[WhiteTeam "Schachzwerge Magdeburg 1"]
[BlackTeam "Schachakademie Paderborn 1"]
[PlyCount "59"]
[BlackFideId "16274903"]
[EventCountry "GER"]
[EventRounds "7"]
[EventType "team-swiss"]
[EventDate "2016.12.27"]

1. e4 e6 2. Nc3 d5 3. Nf3 dxe4 4. Nxe4 Nd7 5. Bb5 c6 6. Bc4 Ngf6 7. d3 Be7 8.
O-O Nxe4 9. dxe4 O-O 10. c3 Nf6 11. Bg5 h6 12. Bf4 Nxe4 13. Qe2 Nf6 14. Rad1
Qb6 15. b3 Rd8 16. Nh4 g5 17. Be3 gxh4 18. Bxb6 axb6 19. Rxd8+ Bxd8 20. Qd2 Bc7
21. Qxh6 Ng4 22. Qg5+ Kf8 23. Qxg4 b5 24. Bd3 Rxa2 25. Qxh4 Bd7 26. Re1 c5 27.
Qg5 Bb6 28. b4 c4 29. Re2 Ra1+ 30. Re1 0-1